00727nam a2200205 a 4500001001000000003000400010005001700014008004100031040002500072082001900097100004700116245004200163260004100205300002100246590002600267910003700293942001300330952016100343999001700504000033008OSt20240227073914.0110808s1914 dr r 000 0 spa d aDO-SdBNPbspacBNPHU 4aRD861.4bH519a1 aHenríquez Ureña, Max,d1885-19689262110aÁnforas /cMax Henríquez Ureña. aHabana :bBiblioteca Studuim,c1914. a255 p. ;c21 cm. aInventariado, 2019/BT aValidado. Control de calidad MFF 2ddccLF1 00102ddc718PDaPDbPDcHDd2011-08-08iLF1l0oRD861.4p33008-10r2020-06-25w2020-06-25yLFPDzPerteneció a la biblioteca personal de Martínez Boog. c32499d32499